<?xml version="1.0" encoding="UTF-8"?>
<marc:record xmlns:marc="http://www.loc.gov/MARC21/slim">
   <marc:leader>00000nam a2200000 a 4500</marc:leader>
   <marc:datafield ind1="1" ind2=" " tag="100">
      <marc:subfield code="a">Menasse, Eva</marc:subfield>
      <marc:subfield code="4">aut</marc:subfield>
      <marc:subfield code="e">Verfasser/-in</marc:subfield>
   </marc:datafield>
   <marc:datafield ind1=" " ind2=" " tag="653">
      <marc:subfield code="a">Frau</marc:subfield>
   </marc:datafield>
   <marc:datafield ind1=" " ind2=" " tag="653">
      <marc:subfield code="a">Lebensführung</marc:subfield>
   </marc:datafield>
   <marc:datafield ind1=" " ind2=" " tag="653">
      <marc:subfield code="a">Fiktionale Darstellung</marc:subfield>
   </marc:datafield>
   <marc:datafield ind1=" " ind2=" " tag="653">
      <marc:subfield code="a">Belletristische Darstellung</marc:subfield>
   </marc:datafield>
   <marc:datafield ind1=" " ind2=" " tag="653">
      <marc:subfield code="a">Erzählende Literatur: Gegenwartsliteratur ab 1945</marc:subfield>
   </marc:datafield>
   <marc:datafield ind1="0" ind2="0" tag="245">
      <marc:subfield code="a">Quasikristalle</marc:subfield>
   </marc:datafield>
   <marc:datafield ind1="0" ind2="0" tag="245">
      <marc:subfield code="b">Roman</marc:subfield>
   </marc:datafield>
   <marc:datafield ind1="0" ind2="0" tag="245">
      <marc:subfield code="c">Menasse, Eva</marc:subfield>
   </marc:datafield>
   <marc:datafield ind1=" " ind2="1" tag="264">
      <marc:subfield code="a">Köln</marc:subfield>
      <marc:subfield code="b">Kiepenheuer &amp; Witsch</marc:subfield>
      <marc:subfield code="c">2013</marc:subfield>
   </marc:datafield>
   <marc:datafield ind1=" " ind2=" " tag="250">
      <marc:subfield code="a">1. Aufl.</marc:subfield>
   </marc:datafield>
   <marc:datafield ind1="1" ind2=" " tag="520">
      <marc:subfield code="a">Zu Beginn ist Xane Molin vierzehn Jahre alt und erlebt mit ihrer besten Freundin einen dramatischen Sommer. Am Ende ist sie Großmutter und versucht, für den Rest des Lebenswegs das Steuer noch einmal herumzureißen. Dazwischen nähern wir uns ihr aus verschiedensten Blickwinkeln: Da ist ihr Vermieter, der sie misstrauisch beobachtet und eigene Geheimnisse hat, da ist der Überlebende eines Bürgerkriegs, der sich in sie verliebt, da ist die ungestüme Jugendfreundin, die Xane nach Jahrzehnten plötzlich nicht mehr zu ertragen glaubt.&#xD;
Eva Menasse hat einen unbestechlichen Blick für Frauen in der Gesellschaft, ihre menschlichen Schwächen und das, was man an ihnen lieben muss. Furchtlos und subtil erzählt sie von einer aberwitzigen Auschwitz-Exkursion, vom Arbeitsalltag einer Kinderwunschärztin oder von den Mutproben der pubertierenden Tochter in der Patchwork-Familie ihrer Heldin. Ein energisches Buch, poetisch, komisch und bestürzend, dessen Titel der Naturwissenschaft entliehen ist. Erst kürzlich wurde entdeckt, dass es nicht nur Kristalle mit klar symmetrischer Struktur, sondern auch gebrochene und scheinbar unregelmäßige gibt. Genauso verhält es sich mit dem Lebensweg: Er ist verschlungen und schwer berechenbar und nur aus der Ferne als Ganzes erkennbar.</marc:subfield>
   </marc:datafield>
   <marc:datafield ind1=" " ind2=" " tag="020">
      <marc:subfield code="a">9783462045130</marc:subfield>
      <marc:subfield code="9">9783462045130</marc:subfield>
   </marc:datafield>
   <marc:datafield ind1=" " ind2=" " tag="020">
      <marc:subfield code="a">346204513X</marc:subfield>
      <marc:subfield code="9">346204513X</marc:subfield>
   </marc:datafield>
   <marc:datafield ind1=" " ind2=" " tag="041">
      <marc:subfield code="a">ger</marc:subfield>
   </marc:datafield>
   <marc:datafield ind1=" " ind2=" " tag="338">
      <marc:subfield code="a">Band</marc:subfield>
   </marc:datafield>
   <marc:datafield ind1=" " ind2=" " tag="300">
      <marc:subfield code="a">425 S.</marc:subfield>
   </marc:datafield>
</marc:record>
